| 000 | 00592nam a22001817a 4500 | ||
|---|---|---|---|
| 999 |
_c15248 _d15248 |
||
| 003 | AR-CdUCM | ||
| 008 | 190426b ||||| |||| 00| 0 spa d | ||
| 040 |
_aMUNICIPALIDAD PROVINCIAL DEL CUSCO _cBIBLIOTECA MUNICIPAL DEL CUSCO |
||
| 082 |
_aC / 809.8 / _bC43 |
||
| 100 |
_aCenteno, Gabriel _934291 |
||
| 245 |
_aMonumenta linguae incaicae : _bII el pobre más rico comedia quechua del siglo XVI / |
||
| 260 |
_aLimae : _bUniversidad Publica, _c1938. |
||
| 300 |
_a172 páginas ; _bláminas. _c25 cm. |
||
| 505 | _aComedia. | ||
| 650 |
_aComedia. _92607 |
||
| 942 |
_2ddc _cLIBROS |
||
| 945 | _awfj | ||